=LDR 00000nam 2200000 4500 =001 NUTBA000000000001133 =005 20140414123623.0 =006 =007 =008 =020 ##$$a 979-655-012-1 =035 ##$$a 0010-041400000000403 =082 ##$$a 402-Blo-b =100 ##$$a Leonard Bloomfield =245 ##$$a Bahasa =260 ##$$a Jakarta $b Gramedia Pustaka Utama $c 1995 =300 ##$$a xii,539 hlm $c 23 cm =990 ##$$a 93735/BPAP-NTB/2014